Annual Review 2025 (Record no. 122351)

MARC details
000 -LEADER
fixed length control field 01038nad a22002295a 4500
005 - DATE AND TIME OF LATEST TRANSACTION
control field 20260518154357.0
008 - FIXED-LENGTH DATA ELEMENTS--GENERAL INFORMATION
fixed length control field 260518s2026 xxk fo 000 0 eng d
041 0# - LANGUAGE CODE
Language code of text/sound track or separate title eng
110 2# - MAIN ENTRY--CORPORATE NAME
Corporate name or jurisdiction name as entry element Royal Institution of Chartered Surveyors
9 (RLIN) 4900
245 00 - TITLE STATEMENT
Title Annual Review 2025
Remainder of title Year ended 31 December 2025
246 ## - VARYING FORM OF TITLE
Title proper/short title Annual Report 2025
260 ## - PUBLICATION, DISTRIBUTION, ETC.
Place of publication, distribution, etc. London
Name of publisher, distributor, etc. RICS
Date of publication, distribution, etc. 2026
300 ## - PHYSICAL DESCRIPTION
Extent 106p.
490 #0 - SERIES STATEMENT
Series statement RICS Annual Report
520 ## - SUMMARY, ETC.
Summary, etc. The Annual review covers the 12-month period from 1 January to 31 December 2025. Membership figures and data, new qualifications and guidance materials, milestones and influence.
650 24 - SUBJECT ADDED ENTRY--TOPICAL TERM
Topical term or geographic name entry element RICS ANNUAL REVIEW AND FINANCIAL STATEMENTS
651 #4 - SUBJECT ADDED ENTRY--GEOGRAPHIC NAME
Geographic name International
690 ## - LOCAL SUBJECT ADDED ENTRY--TOPICAL TERM (OCLC, RLIN)
Topical term or geographic name as entry element Business and management
856 ## - ELECTRONIC LOCATION AND ACCESS
Uniform Resource Identifier <a href="https://www.rics.org/content/dam/ricsglobal/documents/reports/RICS_Annual_review_2025.pdf">https://www.rics.org/content/dam/ricsglobal/documents/reports/RICS_Annual_review_2025.pdf</a>
Public note Annual review 2025
856 ## - ELECTRONIC LOCATION AND ACCESS
Uniform Resource Identifier <a href="https://www.rics.org/content/dam/ricsglobal/documents/reports/Standards_and_Regulation_Board_report_2025.pdf">https://www.rics.org/content/dam/ricsglobal/documents/reports/Standards_and_Regulation_Board_report_2025.pdf</a>
Public note SRB Annual report 2025
942 ## - ADDED ENTRY ELEMENTS (KOHA)
Suppress in OPAC 0
Source of classification or shelving scheme Dewey Decimal Classification
Holdings
Withdrawn status Lost status Damaged status Not for loan Home library Current library Shelving location Date acquired Total Checkouts Date last seen Price effective from Koha item type
        Virtual Virtual Online 18/05/2026   18/05/2026 18/05/2026 Online material